7-Letter Capitals Quiz Stats

 Plays Quiz Updated Jul 2, 2018

Also try: 6-Letter Capitals
Challenge
Share
Tweet
Embed
Score 0/24 Timer 08:00
5 Plays Today
Capital % Correct
Beijing
82.1%
Caracas
69%
Algiers
66%
Baghdad
65.9%
Bangkok
65%
Jakarta
61.6%
Nairobi
59.1%
Tallinn
58.3%
Vilnius
58.1%
Tripoli
56.6%
Yerevan
52.7%
Nicosia
51.5%
Capital % Correct
San José
51.5%
Bishkek
51.2%
Managua
48.8%
Tbilisi
46.5%
Kampala
45.9%
Yaoundé
41%
Thimphu
39.8%
Conakry
37.1%
Mbabane
35.2%
Honiara
32.6%
São Tomé
32.3%
Palikir
30.7%

You're not logged in!

Compare scores with friends on all Sporcle quizzes.
OR
Log In

You Might Also Like...

Show Comments

Extras

Top Quizzes Today


Score Distribution

Your Account Isn't Verified!

In order to create a playlist on Sporcle, you need to verify the email address you used during registration. Go to your Sporcle Settings to finish the process.

Report this User

Report this user for behavior that violates our Community Guidelines.

Details: